Culture générale QCM - Statistiques

Statistiques générales
  • Ce quiz a été pris 48 fois
  • Le résultat moyen est 9 sur 20
Statistiques - réponses
Question Réponse % Correct
Quel est le plus petit commun multiple des nombres 6, 8 et 12 ? 24
83%
Qu'est ce qu'un anévrisme ? Dilatation d'une artère
79%
Quelle roche est une variété de charbon ? Anthracite
71%
La difficulté à trouver une "théorie de tout" consiste à l'unification de la mécanique quantique avec : la relativité générale
55%
Quel le groupe sanguin le plus rare ? AB Rh-
50%
Dans quelle pays africain une guerre civil a-t-elle éclaté en 2012 ? Centrafrique
50%
Quelle substance fait ternir l'argenterie ? Sulfure d'hydrogène
50%
Edvard Beneš était président de quel pays ? Tchécoslovaquie
50%
Indignez vous ! est un essaie de : Stéphane Hessel
48%
Lequel n'est pas un poisson plat ? Bar
45%
Où se trouvent les îlots de Langerhans dans le corps humain ? Pancréas
40%
Quand Heinrich Hertz a généré des ondes radio en 1887, il a prouvé les théories de : James Maxwell
36%
Quelle étendue d'eau a une profondeur moyenne de 1500 m ? Mer Méditerranée
36%
Qu'est ce que la guanine ? Purine
33%
En programmation rendre une fonction privée est un exemple : d'encapsulation
29%
Où peut on trouver les iles de Shetland du Sud ? Antarctique
26%
Qui a obtenu un prix Nobel en 1935 pour sa découverte de l'effet organisateur dans le développement embryonnaire ? Hans Spemann
26%
Lequel de ces organismes est un protiste ? Paramécie
26%
Quel nombre est un nombre premier ? 499
21%
Laquelle de ces périodes est la plus ancienne ? Cambrien
19%
Aucun quiz correspondant
Distribution des résultats
% des personnes avec chaque résultat
Percentile par nombre de réponses
Votre historique - résultats
Vous n’avez pas pris ce quiz